Delitos de peligro, dolo e imprudencia /
Guardado en:
| Autor Principal: | |
|---|---|
| Otros Autores: | |
| Formato: | Desconocido |
| Idioma: | Spanish |
| Publicado: |
Santa Fe :
Rubinzal - Culzoni,
2004.
|
| Edición: | 1a. ed. |
| Series: | Colección autores de derecho penal
|
| Materias: | |
| Etiquetas: |
Agregar Etiqueta
Sin Etiquetas, Sea el primero en etiquetar este registro!
|
| LEADER | 00618nac a22001815a 4500 | ||
|---|---|---|---|
| 001 | DER.der001536 | ||
| 008 | 180615s2004####ag#||||||||||||||#||spa|| | ||
| 005 | 20250711125249.0 | ||
| 245 | 1 | 0 | |a Delitos de peligro, dolo e imprudencia / |c Teresa Rodríguez Montañés ; prólogo de Edgardo Alberto Donna. |
| 250 | |a 1a. ed. | ||
| 260 | |a Santa Fe : |b Rubinzal - Culzoni, |c 2004. | ||
| 300 | |a 443 p. | ||
| 440 | 0 | |a Colección autores de derecho penal | |
| 020 | |a 9507275177 | ||
| 100 | 1 | |a Rodríguez Montañés, Teresa | |
| 700 | 1 | |a Donna, Edgardo Alberto, |e prol. | |
| 650 | 7 | |a DERECHO PENAL | |
| 859 | |a DERECHO |b BIB. DERECHO |h 345 |i ROD |p 003036 | ||
